000 00484nam a22001697a 4500
003 BD-DhUL
005 20171107115001.0
008 171107s1886 fr ||||| |||| 00| 0 per d
040 _aBD-DhUL
_cBD-DhUL
082 _a891.551
_bABD
100 0 _aابو النجم احمد معروف
245 0 _aدیوان /
_cابو النجم احمد معروف
260 _a:
_b،
_c۔۱۸۸۶
300 _aمختلف صفات ؛
_c۲۴ سم۔
650 0 _aPersian poetry
942 _2ddc
_cBK
999 _c231806
_d231806